| 000 | 00884nam a22002417a 4500 | ||
|---|---|---|---|
| 005 | 20250429101512.0 | ||
| 008 | 250429b |||||||| |||| 00| 0 eng d | ||
| 020 | _a9788180547294 | ||
| 040 | _cAIMIT LIBRARY | ||
| 082 |
_21 _a651.7 _bPALR |
||
| 100 |
_aPal, Rajendra. _9209026 |
||
| 245 |
_aEssentials of business communication / _bPal, Rajendra and Korlahalli, J.S. |
||
| 250 | _a1st ed. | ||
| 260 |
_aNew Delhi : _bSultan Chand and Sons , _c2021. |
||
| 300 |
_axxii,EC126,EE90,BC174,ER26,ID26,WC92,PW20,EL42,QP106 _bPB _c25cm. |
||
| 650 |
_aBusiness correspondence _9209027 |
||
| 650 |
_aOther forms of written communication _9209028 |
||
| 650 |
_aOral and other forms of communication _9209029 |
||
| 650 |
_aCredit and status enquiries _9209030 |
||
| 650 |
_aJob application letters and resumes _9209031 |
||
| 700 |
_aKorlahalli, J.S. _9209032 |
||
| 942 |
_2ddc _cBK _k651.7 PALR |
||
| 999 |
_c234262 _d234262 |
||